Fourth eye:excellence through creativity (Record no. 148955)

MARC details
000 -LEADER
fixed length control field 00352nam a2200133Ia 4500
008 - FIXED-LENGTH DATA ELEMENTS--GENERAL INFORMATION
fixed length control field 161229s9999 xx 000 0 und d
020 ## - INTERNATIONAL STANDARD BOOK NUMBER
International Standard Book Number 8185614474
082 ## - DEWEY DECIMAL CLASSIFICATION NUMBER
Classification number 658.4KHA/FO
100 ## - MAIN ENTRY--PERSONAL NAME
Personal name Khandwalla, Pradip N
245 ## - TITLE STATEMENT
Title Fourth eye:excellence through creativity
260 ## - PUBLICATION, DISTRIBUTION, ETC. (IMPRINT)
Name of publisher, distributor, etc. Wheeler Publishing
Place of publication, distribution, etc. New Delhi
Date of publication, distribution, etc. 1988
300 ## - PHYSICAL DESCRIPTION
Extent x,420
942 ## - ADDED ENTRY ELEMENTS (KOHA)
Koha item type Books (General)
Holdings
Withdrawn status Lost status Damaged status Not for loan Home library Current library Date acquired Total Checkouts Full call number Barcode Date last seen Price effective from Koha item type Public note
        KAU Central Library, Thrissur KAU Central Library, Thrissur 29/12/2016   658.4KHA/FO 900264 29/12/2016 29/12/2016 Books (General) Book transferred from CCBM Library ,Acc.No:4761
Kerala Agricultural University Central Library
Thrissur-(Dt.), Kerala Pin:- 680656, India
Ph : (+91)(487) 2372219
E-mail: librarian@kau.in
Website: http://library.kau.in/